College Football Cities: C-USA - Statistics

General Stats
  • This quiz has been taken 50 times
  • The average score is 6 of 10
Answer Stats
School City % Correct
UTEP El Paso, TX
93%
____________ State Jacksonville, AL
81%
FIU Miami, FL
74%
________ State Kennesaw, GA
58%
New Mexico State Las Cruces, NM
58%
Middle Tennessee Murfreesboro, TN
56%
Western Kentucky Bowling Green, KY
51%
Louisiana Tech Ruston, LA
49%
Liberty Lynchburg, VA
44%
Sam Houston Huntsville, TX
42%
No matching quizzes found
Score Distribution
Percent of People with Each Score
Percentile by Number Answered
Your Score History
You have not taken this quiz